[Event "SVK-ch U16"]
[Site "Stara Lubovna"]
[Date "2021.06.29"]
[Round "5"]
[White "Orgon, Patrik"]
[Black "Marcin, Richard"]
[Result "1-0"]
[WhiteElo "1666"]
[BlackElo "1212"]
[PlyCount "111"]
[EventDate "2021.06.26"]
[EventType "swiss"]
[EventRounds "9"]
[EventCountry "SVK"]
[SourceTitle "CBM 203 Extra"]
[Source "ChessBase"]
[SourceDate "2021.09.30"]
[SourceVersion "1"]
[SourceVersionDate "2021.09.30"]
[SourceQuality "1"]

1. e4 c5 2. Nf3 Nc6 3. d4 cxd4 4. Nxd4 e5 5. Nb5 Nf6 6. Bd3 a6 7. N5c3 h6 8. 0-0 Bc5 9. Nd5 Nb4 10. Nbc3 d6 11. Nxf6+ Qxf6 12. a3 Nxd3 13. Qxd3 Be6 14. Nd5 Bxd5 15. Qxd5 Rb8 16. b4 Bd4 17. Rb1 0-0 18. Bb2 Bxb2 19. Rxb2 Qf4 20. h3 Kh8 21. c4 b5 22. cxb5 axb5 23. Rc2 Rfd8 24. Rc3 f5 25. exf5 Qxf5 26. Rc6 Qf8 27. Rd1 Ra8 28. Rxd6 Rxd6 29. Qxd6 Qxd6 30. Rxd6 Rxa3 31. Rd5 Ra1+ 32. Kh2 e4 33. Rxb5 Ra2 34. Kg3 Ra3+ 35. Kf4 Ra2 36. Ke3 Kg8 37. Re5 Kf7 38. Rxe4 Ra3+ 39. Ke2 Ra2+ 40. Kf3 Ra3+ 41. Re3 Ra4 42. Rb3 Ra8 43. b5 Ke6 44. b6 Rf8+ 45. Kg3 Kd5 46. b7 Rb8 47. f4 Kc6 48. Kg4 g6 49. f5 Kd5 50. fxg6 Ke6 51. Rb6+ Ke7 52. Kf5 Kd7 53. Kf6 Kc7 54. Rb2 h5 55. Kf7 h4 56. g7 1-0